[Event "44th Rubinstein Mem Open A"]
[Site "Polanica Zdroj POL"]
[Date "2008.08.22"]
[Round "4"]
[White "Lukasiewicz,An"]
[Black "Barburzynska,M"]
[Result "1-0"]
[WhiteElo "2129"]
[BlackElo "1887"]

1.e4 c5 2.Nf3 d6 3.d4 cxd4 4.Nxd4 Nf6 5.Nc3 Nc6 6.Bg5 e6 7.Qd2 a6 8.O-O-O Bd7
9.f4 h6 10.Bxf6 gxf6 11.f5 h5 12.Kb1 b5 13.fxe6 fxe6 14.g3 Ne5 15.Bh3 Qe7
16.Rhf1 Bh6 17.Qf2 Bg5 18.Nce2 Ng4 19.Bxg4 hxg4 20.Nf4 Kf7 21.Nb3 Rac8 22.Rd3 Bxf4
23.gxf4 Bc6 24.Re1 Qc7 25.Nd4 Bd7 26.Red1 Qc5 27.Qd2 Rh3 28.Rxh3 gxh3 29.Nb3 Qc7
30.e5 d5 31.exf6 Rg8 32.Qd3 Rg2 33.Qh7+ Kxf6 34.Qh4+ Kf7 35.Nd4 Rxh2 36.Qh7+ Kf6
37.Qh4+ Kf7 38.c3 Qd6 39.Qg3 Rg2 40.Qxh3 Rg7 41.Qh5+ Kg8 42.Qh6 Qf8 43.Rh1 Kf7
44.Qh5+ Ke7 45.Qe5 Qf6 46.Qc7 Qg6+ 47.f5 Qg3 48.f6+ Kxf6 49.Rf1+ Ke7 50.Nc6+ Ke8
51.Qd8+  1-0

[Event "U16 Olympiad"]
[Site "Mersin TUR"]
[Date "2008.08.23"]
[Round "8"]
[White "Georgiadis,N"]
[Black "Arig,B"]
[Result "1-0"]
[WhiteElo "1951"]
[BlackElo "1787"]

1.e4 c5 2.Nf3 Nc6 3.d4 cxd4 4.Nxd4 Nf6 5.Nc3 d6 6.Bg5 e6 7.Qd2 Be7 8.O-O-O O-O
9.f4 a6 10.Bc4 Na5 11.Bd3 b5 12.e5 dxe5 13.fxe5 Ng4 14.Bxe7 Qxe7 15.Qf4 Nh6
16.Qe4 g6 17.Qxa8 Bb7 18.Qa7 Ng4 19.Ne4 Ra8 20.Qb6 Nc4 21.Bxc4 bxc4 22.Rhe1 Bxe4
23.Rxe4 Nf2 24.Nc6 Qg5+ 25.Re3 Nxd1 26.Kxd1 Qxg2 27.Re2 Qf1+ 28.Kd2 Qf4+
29.Qe3 c3+ 30.bxc3 Qc4 31.Qe4 Qxe4 32.Rxe4 Kg7 33.c4 Rc8 34.Nb4 a5 35.Nd3 f5
36.exf6+ Kxf6 37.c5 g5 38.Ke3 Ke7 39.Ra4 Ra8 40.Kd4 Kd7 41.Kc4 Kc6 42.Ne5+ Kc7
43.Ra3 Rf8 44.Rxa5 Rf2 45.Ra7+ Kc8 46.Kb5 Rxc2 47.Kc6 Kd8 48.Rxh7 Rxa2 49.Kd6 Kc8
50.Rc7+ Kd8 51.Rg7 Kc8 52.Rg8+ Kb7 53.c6+ Kb6 54.Nd7+ Kb5 55.c7  1-0

[Event "44th Rubinstein Mem Open A"]
[Site "Polanica Zdroj POL"]
[Date "2008.08.23"]
[Round "5"]
[White "Panocki,A"]
[Black "Fistek,D"]
[Result "0-1"]
[WhiteElo "2338"]
[BlackElo "2208"]

1.e4 c5 2.Nf3 d6 3.d4 cxd4 4.Nxd4 Nf6 5.Nc3 Nc6 6.Bg5 e6 7.Qd2 a6 8.O-O-O Bd7
9.f4 b5 10.Bxf6 gxf6 11.Nxc6 Bxc6 12.Qe3 Qe7 13.Bd3 Qa7 14.Qe1 Be7 15.Kb1 b4
16.Ne2 Qc5 17.f5 a5 18.Qg3 a4 19.Qg7 Rf8 20.fxe6 fxe6 21.e5 fxe5 22.Bxh7 a3
23.Rhf1 Kd7 24.Nc1 Rxf1 25.Rxf1 Qd4 26.Nd3 Bb5 27.Rf7 Re8 28.bxa3 bxa3 29.Kc1 Qe3+
30.Kd1 e4 31.Qc3 exd3 32.Bxd3 Bxd3 33.cxd3 Qg1+ 34.Kc2 Qxg2+ 35.Kb3 Rb8+
36.Kxa3 Qa8+  0-1

[Event "2nd Euwe Stimulans"]
[Site "Sao Paulo BRA"]
[Date "2008.08.23"]
[Round "2"]
[White "Van der Wiel,J"]
[Black "Milos,G"]
[Result "1/2-1/2"]
[WhiteElo "2504"]
[BlackElo "2598"]

1.e4 c5 2.Nf3 Nc6 3.d4 cxd4 4.Nxd4 Nf6 5.Nc3 d6 6.Bg5 e6 7.Qd2 a6 8.O-O-O Bd7
9.f3 Be7 10.Kb1 Qc7 11.h4 h6 12.Be3 h5 13.Bg5 Ne5 14.Bd3 b5 15.Rhe1 b4 16.Nce2 Qb6
17.Be3 Qb7 18.Ng3 a5 19.Bg5 b3 20.cxb3 a4 21.f4 Nxd3 22.Qxd3 axb3 23.a3 Ba4
24.e5 Qxg2 25.Rd2 Qd5 26.exf6  1/2-1/2

[Event "44th Rubinstein Mem Open A"]
[Site "Polanica Zdroj POL"]
[Date "2008.08.24"]
[Round "6"]
[White "Rudnicki,M"]
[Black "Czarnota,P"]
[Result "0-1"]
[WhiteElo "2197"]
[BlackElo "2526"]

1.e4 c5 2.Nf3 d6 3.d4 cxd4 4.Nxd4 Nf6 5.Nc3 Nc6 6.Bg5 e6 7.Be2 a6 8.O-O Be7
9.Be3 O-O 10.f4 Qc7 11.a4 Bd7 12.Nb3 b6 13.Kh1 Bc8 14.Bf3 Bb7 15.Qe1 Rfe8
16.Rd1 Nd7 17.g4 Nb4 18.Qf2 Rac8 19.Rg1 Nc5 20.Nc1 d5 21.exd5 Nxd5 22.Nxd5 Bxd5
23.c3 Bxf3+ 24.Qxf3 Nxa4 25.Rg2 Red8 26.Nb3 Rxd1+ 27.Qxd1 Qb7 28.Kg1 Rd8
29.Nd4 b5 30.Qc2 Nb6 31.Re2 Bd6 32.Bc1 Bc5 33.Be3 Nd5 34.Qe4 Qc7 35.h3 Nxe3
36.Qxe3 Bxd4 37.cxd4 Qc4 38.Rd2 h6 39.Kf2 Qc1 40.f5 exf5 41.gxf5 Rd5 42.Kg2 Rxf5
43.d5 Qf1+ 44.Kh2 Rf3 45.Qe8+ Kh7 46.Qe4+ f5 47.Qh4 g5 48.Qh5 Rf2+ 49.Rxf2 Qxf2+
50.Kh1 Qe1+ 51.Kg2 Qd2+ 52.Kf1 Qxd5 53.Qe8 Qf3+ 54.Kg1 Qg3+  0-1

[Event "44th Rubinstein Mem Open A"]
[Site "Polanica Zdroj POL"]
[Date "2008.08.24"]
[Round "6"]
[White "Weichhold,P"]
[Black "Przezdziecka,E"]
[Result "1-0"]
[WhiteElo "2022"]
[BlackElo "2096"]

1.e4 c5 2.Nf3 Nc6 3.d4 cxd4 4.Nxd4 Nf6 5.Nc3 d6 6.Bg5 e6 7.Qd2 a6 8.O-O-O Bd7
9.f4 h6 10.Bh4 Nxe4 11.Nxe4 Qxh4 12.Nf3 Qe7 13.Nxd6+ Qxd6 14.Qxd6 Bxd6 15.Rxd6 Ke7
16.Rd2 Rac8 17.Be2 Rc7 18.Kb1 Rhc8 19.h4 Nb4 20.c4 Bc6 21.b3 Be4+ 22.Kb2 b5
23.cxb5 Rc2+ 24.Ka3 Bxf3 25.Bxf3 Rxd2 26.Kxb4 axb5 27.Ra1 Rb8 28.g3 Kd6 29.a3 Rd3
30.Be2 Rxg3 31.Bxb5 Rf3 32.Rd1+ Ke7 33.Rd4 e5 34.fxe5 Ke6 35.Re4 Kf5 36.Re1 Rf4+
37.Kc5 Rxh4 38.a4 Rh2 39.Kd6 Rd8+ 40.Bd7+ Rxd7+ 41.Kxd7 Rb2 42.Re3 Kf4 43.Rc3 Kxe5
44.Kc6 Ra2 45.Kb6 f5 46.a5 f4 47.a6 g5 48.a7 Rxa7 49.Kxa7 g4 50.b4 g3 51.b5 g2
52.Rc1 f3 53.b6 f2 54.b7 f1=Q 55.b8=Q+ Ke4 56.Qb1+ Qd3 57.Re1+ Kd4 58.Rd1 Qxd1
59.Qxd1+ Ke3 60.Qg1+ Kf3 61.Kb6 h5 62.Kc5 h4 63.Kd4 h3 64.Qe3+ Kg4 65.Ke4 h2
66.Qf3+  1-0

[Event "44th Rubinstein Mem Open A"]
[Site "Polanica Zdroj POL"]
[Date "2008.08.26"]
[Round "8"]
[White "Czarnota,P"]
[Black "Heberla,B"]
[Result "1/2-1/2"]
[WhiteElo "2526"]
[BlackElo "2510"]

1.e4 c5 2.Nf3 d6 3.d4 cxd4 4.Nxd4 Nf6 5.Nc3 Nc6 6.Bg5 e6 7.Qd2 a6 8.O-O-O Bd7
9.f3 Be7 10.Be3 h5 11.Kb1 b5 12.Nxc6 Bxc6 13.Ne2 Qc7 14.Nd4 Bb7 15.Bd3 Nd7
16.Rhe1 Nc5 17.Bg1 g6 18.Nb3 e5 19.Bf1 O-O 20.Qa5 Qc8 21.Qc3 Nxb3 22.Qxb3 Bc6
23.c4 Bd7 24.Rc1 Be6 25.Qb4 Qd8 26.Red1 Qb8 27.c5 dxc5 28.Bxc5 Bxc5 29.Qxc5  1/2-1/2

[Event "ch-POR"]
[Site "Almada POR"]
[Date "2008.08.27"]
[Round "1"]
[White "Galego,L"]
[Black "Fernando,D"]
[Result "1/2-1/2"]
[WhiteElo "2506"]
[BlackElo "2449"]

1.e4 c5 2.Nf3 d6 3.d4 cxd4 4.Nxd4 Nf6 5.Nc3 Nc6 6.Bg5 e6 7.Qd2 a6 8.O-O-O h6
9.Be3 Be7 10.f3 Qc7 11.g4 b5 12.h4 Bb7 13.Nb3 Rc8 14.Kb1 Nd7  1/2-1/2

[Event "X Sants Open"]
[Site "Barcelona ESP"]
[Date "2008.08.27"]
[Round "6"]
[White "Nijboer,F"]
[Black "Recuero Guerra,D"]
[Result "1/2-1/2"]
[WhiteElo "2564"]
[BlackElo "2417"]

1.e4 c5 2.Nf3 d6 3.d4 cxd4 4.Nxd4 Nf6 5.Nc3 Nc6 6.Bg5 e6 7.Qd2 Be7 8.O-O-O O-O
9.f4 h6 10.Bh4 Bd7 11.Nf3 Qa5 12.a3 Rfc8 13.g4 d5 14.Bxf6 Bxf6 15.e5 Be7
16.Nb5 Qa4 17.Nc3 Qa5 18.Nb5 Qa4 19.Nc3  1/2-1/2

[Event "44th Rubinstein Mem Open A"]
[Site "Polanica Zdroj POL"]
[Date "2008.08.27"]
[Round "9"]
[White "Barburzynska,M"]
[Black "Raszkiewicz,A"]
[Result "0-1"]
[WhiteElo "1887"]
[BlackElo "1827"]

1.e4 c5 2.Nf3 Nc6 3.d4 cxd4 4.Nxd4 Nf6 5.Nc3 d6 6.Bg5 e6 7.Qd2 a6 8.O-O-O Bd7
9.f4 h6 10.Bh4 Be7 11.Nf3 Qc7 12.Bxf6 gxf6 13.g3 O-O-O 14.Bh3 Kb8 15.Rhe1 Na5
16.Nd4 Nc4 17.Qd3 Rc8 18.f5 Qb6 19.b3 Ne5 20.Qe3 Qa5 21.Kb2 d5 22.Nb1 Bc5
23.c3 Qb6 24.Ka1 Ka8 25.Nd2 Nc6 26.Kb1 e5 27.Qd3 exd4 28.exd5 Ne5 29.Rxe5 fxe5
30.Nc4 Qc7 31.cxd4 exd4 32.d6 Qd8 33.Ne5 Rf8 34.Bg2 Ka7 35.b4 Bb6 36.Qd2 Bxf5+
37.Ka1 Qxd6 38.Qf4 f6 39.Qf3 Qc7 40.Nc4 Bg4 41.Qxg4 Qxc4 42.Qg7 Qc3+  0-1

[Event "X Sants Open"]
[Site "Barcelona ESP"]
[Date "2008.08.28"]
[Round "7"]
[White "Aroshidze,L"]
[Black "Roser,K"]
[Result "1-0"]
[WhiteElo "2547"]
[BlackElo "2414"]

1.e4 c5 2.Nf3 Nc6 3.d4 cxd4 4.Nxd4 Nf6 5.Nc3 d6 6.Bg5 Qb6 7.Nb3 e6 8.Qd2 Be7
9.O-O-O O-O 10.g4 a6 11.h4 Rd8 12.Be2 d5 13.exd5 Nxd5 14.Bf3 Nxc3 15.Qxc3 Bd7
16.Bxe7 Nxe7 17.Qc5 Qxc5 18.Nxc5 Bc6 19.Bxc6 bxc6 20.Rxd8+ Rxd8 21.Rd1 Rxd1+
22.Kxd1 h5 23.gxh5 Kf8 24.Nxa6 Ke8 25.Nc5 Nf5 26.a4 Kd8 27.a5 Kc7 28.Ne4 Nxh4
29.Ng5 Ng2 30.Nxf7 Nf4 31.Ng5 Kb7 32.b4 Ka6 33.Ne4 Nxh5 34.Nc5+ Ka7 35.Nxe6 Nf6
36.Kd2 g6 37.Nd8 c5 38.b5 Ne4+ 39.Ke3 Nd6 40.b6+ Kb8 41.b7 Nc4+ 42.Ke4 Nxa5
43.Kd5 c4 44.Nc6+ Nxc6 45.Kxc6 c3 46.f4  1-0

[Event "LXXII ch-CRC Fase 2"]
[Site "San Jose CRC"]
[Date "2008.08.29"]
[Round "5"]
[White "Alfaro Rojas,A"]
[Black "Vives,D"]
[Result "1/2-1/2"]
[WhiteElo "2181"]
[BlackElo "2061"]

1.e4 c5 2.Nf3 Nc6 3.d4 cxd4 4.Nxd4 Nf6 5.Nc3 d6 6.Bg5 Bd7 7.Bxf6 gxf6 8.Be2 Qa5
9.Nb3 Qg5 10.g3 f5 11.f4 Qh6 12.exf5 Bxf5 13.Bf3 Bg7 14.Qd2 a5 15.Nd5 O-O
16.c3 a4 17.Nd4 Nxd4 18.cxd4 Kh8 19.O-O e5 20.Rfd1 exf4 21.Nxf4 Rac8 22.Rac1 b5
23.Qb4 Bd7 24.Qd2 Qf6 25.Rxc8 Rxc8 26.b3 Qf5 27.bxa4 bxa4 28.Qb4 Qf6 29.Bb7 Re8
30.Nh5 Qh6 31.Nxg7 Kxg7 32.Qd2 Qe3+ 33.Qf2 Bb5 34.Qxe3 Rxe3 35.Rb1 Bd7 36.Rb6 Be6
37.Ra6 Ra3  1/2-1/2

[Event "X Sants Open"]
[Site "Barcelona ESP"]
[Date "2008.08.31"]
[Round "10"]
[White "Fier,A"]
[Black "Guliyev,N"]
[Result "1/2-1/2"]
[WhiteElo "2558"]
[BlackElo "2510"]

1.e4 c5 2.Nf3 d6 3.d4 cxd4 4.Nxd4 Nf6 5.Nc3 Nc6 6.Bg5 e6 7.Qd2 a6 8.O-O-O Bd7
9.f3 h6 10.Be3 b5 11.Nxc6 Bxc6 12.Ne2 Bb7 13.Nd4 Nd7 14.Kb1 Rc8 15.Nb3 Be7
16.Qa5 d5 17.Qxd8+ Bxd8 18.exd5 Bxd5 19.Bd3 Ne5 20.Rhe1 Nxd3 21.Rxd3 Be7
22.Bf2 Bc4 23.Rdd1 O-O 24.Rd7 Rfe8 25.Red1 Red8 26.Rxd8+ Rxd8 27.Rxd8+ Bxd8
28.Nd2 Bd5 29.b3 f5 30.c4 Bc6 31.cxb5 axb5 32.Kc2 Kf7 33.Nb1 e5 34.Nc3 b4
35.Ne2 g5 36.Kd2 Be7 37.Nc1 Ke6 38.Nd3 Kd5 39.Bb6 Bb5 40.Ba5 Bxd3 41.Kxd3 e4+
42.fxe4+ fxe4+ 43.Kd2 h5 44.h3 Ke5 45.Bb6 Kf4 46.Bc7+ Kf5 47.Ke2 Bc5 48.Bb8 g4
49.hxg4+ Kxg4 50.Bc7 Kf5 51.Bb8 Ke6 52.Bf4 Bd6 53.Be3 Kf5 54.Kf2 Kg4 55.Bb6 Kf4
56.Be3+ Ke5 57.Ke2 Kd5 58.Bf2 Bc5 59.Bg3 Ke6 60.Bf4 Kf5 61.Bc7 Be7 62.Bg3 Kg4
63.Be5 Kf5 64.Bg3 Ke6 65.Bc7 Kd5 66.Bb6 Bd6 67.Bf2 Bf8 68.Bb6 Ke5 69.Kf2 Bd6
70.Be3 Kf5 71.Bb6 Kg4 72.Bd4 Be7 73.Be5 Bc5+ 74.Ke2 h4 75.Bc7 Be7 76.Ke3 Kf5
77.Ke2 Ke6 78.Bf4 Kf5 79.Bc7 Bc5 80.Bd8 Kg4 81.Bc7 Bf8 82.Ke3 Kf5 83.Bd8 Bh6+
84.Kd4 Bg5 85.Ba5 Be7 86.Ke3 Ke5 87.Bb6 Bg5+ 88.Ke2 Kd5 89.Bf2 Bd8 90.Be1 Be7
91.Bf2 Ke6 92.Be3 Bd6 93.Bg5 Bg3 94.Bd2  1/2-1/2

[Event "ch-ISL"]
[Site "Reykjavik ISL"]
[Date "2008.09.01"]
[Round "6"]
[White "Olafsson,Thorv"]
[Black "Ulfarsson,M"]
[Result "0-1"]
[WhiteElo "2177"]
[BlackElo "2403"]

1.e4 c5 2.Nf3 d6 3.d4 cxd4 4.Nxd4 Nf6 5.Nc3 Nc6 6.Bg5 e6 7.Qd2 Be7 8.O-O-O O-O
9.Nb3 a6 10.Kb1 Qc7 11.Bxf6 Bxf6 12.Qxd6 Qxd6 13.Rxd6 Bxc3 14.bxc3 Ne5 15.Be2 g5
16.Rhd1 Kg7 17.Na5 Kf6 18.Nc4 Nxc4 19.Bxc4 b5 20.Be2 Bb7 21.f3 Rfc8 22.Kb2 Rc7
23.Rd7 Rac8 24.Rxc7 Rxc7 25.Kb3 Ke5 26.c4 bxc4+ 27.Bxc4 g4 28.Rd8 Kf4 29.Rd3 h5
30.Rc3 Rd7 31.g3+ Ke5 32.fxg4 hxg4 33.Be2 Rd2 34.Bxg4 Bxe4 35.Bf3 Rxh2 36.Re3 f5
37.Bxe4 fxe4 38.Kc3 Rg2 39.a4 a5 40.Re1 Rxg3+ 41.Kc4 Ra3 42.Kb5 Rc3 43.Re2 e3
44.Kxa5 Ke4 45.Kb4 Kf3 46.Rh2 Rc8 47.Rh3+ Kf2 48.Rh2+ Ke1 49.Rh5 e2 50.Re5 Re8  0-1

[Event "Open A"]
[Site "Graz SUI"]
[Date "2008.09.02"]
[Round "4"]
[White "Kreisl,R"]
[Black "Krieger,H"]
[Result "1/2-1/2"]
[WhiteElo "2337"]
[BlackElo "2217"]

1.e4 c5 2.Nf3 Nc6 3.d4 cxd4 4.Nxd4 Nf6 5.Nc3 d6 6.Bg5 e6 7.Qd2 Be7 8.O-O-O a6
9.f3 Nxd4 10.Qxd4 O-O 11.g4 Qa5 12.h4 b5 13.Kb1 Rd8 14.Qd2 Qc7 15.h5 Bb7
16.Bd3 Rac8 17.Rdg1 b4 18.Ne2 a5 19.Bxf6 Bxf6 20.g5 Be7 21.Nf4 d5 22.g6 dxe4
23.gxf7+ Kxf7 24.Rxg7+ Kxg7 25.Nxe6+ Kh8 26.Nxc7 exd3 27.Qe3 dxc2+ 28.Kc1 Bf6
29.Qb6 Bg5+ 30.Kxc2 Rxc7+ 31.Qxc7 Rc8 32.Qxc8+ Bxc8 33.Re1 Kg7  1/2-1/2

[Event "Open A"]
[Site "Graz SUI"]
[Date "2008.09.02"]
[Round "4"]
[White "Buzeti,J"]
[Black "Kokol,P"]
[Result "0-1"]
[WhiteElo "2175"]
[BlackElo "2253"]

1.e4 c5 2.Nf3 d6 3.d4 cxd4 4.Nxd4 Nf6 5.Nc3 Nc6 6.Bg5 e6 7.Qd2 a6 8.O-O-O Bd7
9.f3 Be7 10.Be3 Qc7 11.Kb1 b5 12.Nxc6 Bxc6 13.Ne2 e5 14.Bg5 d5 15.Bxf6 Bxf6
16.exd5 Bxd5 17.Nc3 Be6 18.Ne4 Be7 19.Nd6+ Kf8 20.Ne4 h6 21.g4 g6 22.Bd3 Kg7
23.h4 h5 24.Ng5 Qb6 25.Qe2 hxg4 26.fxg4 Rxh4 27.Rxh4 Bxg5 28.Rhh1 Qe3 29.Qh2 Rd8
30.Rdf1 Bh6 31.Rfg1 Qg5 32.Be4 Rd2 33.Qg3 Rd4 34.Qg2 Qf4 35.Bf3 Rd2 36.Qh3 Bxa2+
37.Ka1 Be6 38.Kb1 b4 39.Bd1 Rh2  0-1

[Event "SuperLiga-ROM"]
[Site "Eforie Nord ROM"]
[Date "2008.09.04"]
[Round "4"]
[White "Grozav,V"]
[Black "Berescu,A"]
[Result "0-1"]
[WhiteElo "2198"]
[BlackElo "2489"]

1.e4 c5 2.Nf3 Nc6 3.d4 cxd4 4.Nxd4 Nf6 5.Nc3 d6 6.Bg5 Bd7 7.f4 Rc8 8.Be2 a6
9.Nxc6 Bxc6 10.Qd4 e6 11.O-O Be7 12.Kh1 O-O 13.Rad1 Qa5 14.Qe3 h6 15.Bh4 Ng4
16.Bxg4 Bxh4 17.f5 exf5 18.Rxf5 Qd8 19.Qd2 Bd7 20.e5 Bxf5 21.Bxf5 Rc5 22.Nd5 dxe5
23.b4 Rc6 24.Qe2 g6 25.g3 Bg5 26.Be4 Rd6 27.c4 f5 28.Bc2 e4 29.Bb3 Kh8 30.Qb2+ Bf6
31.Qc1 Bg7 32.Qf4 Rd7 33.h4 Qb8 34.Qe3 Rfd8 35.Rf1 Qe5 36.Nf4 Kh7 37.Nd5 b5
38.h5 bxc4 39.hxg6+ Kh8 40.Bxc4 Rxd5 41.Bxa6 R5d6  0-1

[Event "TCh-ESP Hon Gp2"]
[Site "Sabadell ESP"]
[Date "2008.09.04"]
[Round "2"]
[White "Ibarra Jerez,JC"]
[Black "Comas Fabrego,L"]
[Result "1/2-1/2"]
[WhiteElo "2496"]
[BlackElo "2495"]

1.e4 c5 2.Nf3 d6 3.d4 cxd4 4.Nxd4 Nf6 5.Nc3 Nc6 6.Bg5 e6 7.Qd2 a6 8.O-O-O Bd7
9.f3 h6 10.Be3 b5 11.Kb1 Ne5 12.Bd3 Rc8 13.Rhe1 Qc7 14.g4 b4 15.Nce2 Qb7
16.Ng3 g6 17.h4 Bg7 18.Be2 a5 19.b3 a4 20.Rh1 axb3 21.cxb3 Rc3 22.g5 hxg5
23.hxg5 Nh5 24.Nxh5 gxh5 25.Rc1 O-O 26.Rxc3 bxc3 27.Qc2 Rc8 28.Rxh5  1/2-1/2

[Event "LXXII ch-CRC Fase 2"]
[Site "San Jose CRC"]
[Date "2008.09.04"]
[Round "9"]
[White "Machado Ramirez,A"]
[Black "Cabrera,Ma"]
[Result "0-1"]
[WhiteElo "2068"]
[BlackElo "2065"]

1.e4 c5 2.Nf3 Nc6 3.d4 cxd4 4.Nxd4 Nf6 5.Nc3 d6 6.Bg5 Bd7 7.Bxf6 gxf6 8.Be2 Qa5
9.Qd2 Rc8 10.Nb3 Qd8 11.O-O-O f5 12.f3 Bg7 13.Nd5 a5 14.Qg5 Rg8 15.Kb1 Kf8
16.Qh4 a4 17.Nc1 a3 18.b3 Be6 19.Bd3 Bxd5 20.exd5 Qa5 21.Qc4 b5 22.b4 bxc4
23.bxa5 Nxa5 24.Bxf5 Rb8+ 25.Nb3 cxb3 26.axb3 Bb2 27.g4 Kg7 28.h4 Rb7 29.g5 Ra8
30.Rd3 Nc4 31.bxc4 a2+  0-1

[Event "17th CRO-chT 1w"]
[Site "Sibenik CRO"]
[Date "2008.09.04"]
[Round "8"]
[White "Purgar,I"]
[Black "Djeno,S"]
[Result "1-0"]
[WhiteElo "2026"]
[BlackElo "1997"]

1.e4 c5 2.Nf3 d6 3.d4 cxd4 4.Nxd4 Nf6 5.Nc3 Nc6 6.Bg5 e6 7.Qd2 Be7 8.O-O-O a6
9.f4 h6 10.Bxf6 gxf6 11.Kb1 Bd7 12.f5 Nxd4 13.Qxd4 Qa5 14.g4 O-O-O 15.Bc4 Qe5
16.Qb6 h5 17.Nd5 exd5 18.Bxd5 Bc6 19.Bxc6 bxc6 20.Qxc6+ Kb8 21.Rd3 Ka7 22.Ra3 a5
23.Qc7+ Ka6 24.Rc3 Rb8 25.Rc6+ Kb5 26.a4+ Kxa4 27.Rc4+ Rb4 28.Qc6+ Qb5 29.b3+ Ka3
30.Qxb5  1-0

[Event "5th LGA Premium Cup"]
[Site "Nuernberg GER"]
[Date "2008.09.05"]
[Round "2"]
[White "Hirneise,J"]
[Black "Thuerauf,P"]
[Result "1-0"]
[WhiteElo "2251"]
[BlackElo "1924"]

1.e4 c5 2.Nf3 Nc6 3.d4 cxd4 4.Nxd4 Nf6 5.Nc3 d6 6.Bg5 Bd7 7.Nb3 a6 8.Bxf6 gxf6
9.Qh5 b5 10.Bd3 Ne5 11.f4 Nxd3+ 12.cxd3 b4 13.Nd5 a5 14.Rc1 Rc8 15.Rxc8 Bxc8
16.f5 Bb7 17.O-O Bxd5 18.exd5 Qb6+ 19.Kh1 a4 20.Nd2 Qe3 21.Qd1 Bh6 22.Nc4 Qd4
23.Qxa4+ Kd8 24.Rf3 Qxd5 25.Rg3 Bg5 26.h4 Qxf5 27.hxg5  1-0

[Event "3rd XtraCon EMT"]
[Site "Borup DEN"]
[Date "2008.09.06"]
[Round "2"]
[White "Erdogdu,M"]
[Black "De Verdier,M"]
[Result "1/2-1/2"]
[WhiteElo "2440"]
[BlackElo "2222"]

1.e4 c5 2.Nf3 d6 3.d4 cxd4 4.Nxd4 Nf6 5.Nc3 Nc6 6.Bg5 Bd7 7.Be2 Qa5 8.Bxf6 gxf6
9.O-O Nxd4 10.Qxd4 Rc8 11.Nd5 Qc5 12.Qd3 Qxc2 13.Qe3 Bh6 14.Qxh6 Qxe2 15.Qg7 Rf8
16.Qxh7 Be6 17.Nf4 Qg4 18.Nxe6 Qxe6 19.Rac1 Kd7 20.Qh5 a6 21.Qf3 Qe5 22.Qd3 Rg8
23.Rce1 Qg5 24.g3 Qb5 25.Qd2 Rc6 26.Re3 Qa4 27.b3 Qb5 28.Rc1 Rgc8 29.Rxc6 Qxc6
30.Qb4 b5 31.a4 Qc5 32.Qa5 bxa4 33.Qxa4+ Qb5 34.Qa1 Rc2 35.Qd1 Qc5 36.Qg4+ e6
37.h4 Rc1+ 38.Kg2 Qb5 39.Qe2 Qxe2 40.Rxe2 Rb1 41.Ra2 Rxb3 42.Rxa6 Rb8 43.Kf3 Ke7
44.Kf4 Rd8 45.Ke3 Kf8 46.Ra1 Rb8 47.Rd1 Rb6 48.Rd3 Ra6 49.Rb3 Ra8 50.Rd3 Ra6
51.f4 Kg7 52.f5 Rb6 53.Ra3 e5 54.g4 Rb1 55.g5 fxg5  1/2-1/2

[Event "SuperLiga-ROM"]
[Site "Eforie Nord ROM"]
[Date "2008.09.06"]
[Round "6"]
[White "Kotronias,V"]
[Black "Lupulescu,C"]
[Result "1-0"]
[WhiteElo "2574"]
[BlackElo "2589"]

1.e4 c5 2.Nf3 d6 3.d4 cxd4 4.Nxd4 Nf6 5.Nc3 Nc6 6.Bg5 e6 7.Qd2 a6 8.O-O-O Bd7
9.f4 b5 10.Bxf6 gxf6 11.Kb1 b4 12.Nce2 Qb6 13.g3 Rc8 14.Bg2 a5 15.Rhf1 a4
16.Nxc6 Qxc6 17.Bf3 Qc5 18.Nc1 Bb5 19.Be2 Bxe2 20.Qxe2 a3 21.Nb3 Qc4 22.Qxc4 Rxc4
23.Nd2 Rd4 24.c3 bxc3 25.bxc3 Ra4 26.Kc2 h5 27.Rb1 Ra8 28.Nf3 Be7 29.Rb7 h4
30.g4 h3 31.Rg1 Bd8 32.Nd4 Ra6 33.Kd3 Rh4 34.Nf3 Rh7 35.g5 fxg5 36.fxg5 Rb6
37.g6 Rg7 38.gxf7+ Rxf7 39.Rg8+ Rf8 40.Rxf8+ Kxf8 41.Rxb6 Bxb6 42.Ng5 Bg1
43.Nxe6+ Ke7 44.Nf4 Bxh2 45.Nxh3 Kf6 46.Nf2 Bg1 47.Ng4+ Kg5 48.e5 dxe5 49.Nxe5 Kf5
50.Nf3 Bc5 51.Kc4 Bf8 52.Kd5 Kf4 53.Nd4 Ke3 54.c4 Kd3 55.c5 Be7 56.c6 Bd8
57.Ne6 Bb6 58.c7 Bxc7 59.Nxc7 Kc3 60.Na6  1-0

[Event "5th LGA Premium Cup"]
[Site "Nuernberg GER"]
[Date "2008.09.06"]
[Round "4"]
[White "Sippl,M"]
[Black "Thuerauf,P"]
[Result "1-0"]
[WhiteElo "2106"]
[BlackElo "1924"]

1.e4 c5 2.Nf3 Nc6 3.d4 cxd4 4.Nxd4 Nf6 5.Nc3 d6 6.Bg5 e6 7.Qd2 a6 8.O-O-O h6
9.Be3 Bd7 10.f3 Qc7 11.Kb1 Be7 12.Nb3 b5 13.a3 Ne5 14.Qf2 b4 15.Ne2 Nc4 16.Bf4 Rc8
17.Ng3 g5 18.Bc1 Bb5 19.Nd4 Qc5 20.Qe1 e5 21.Nb3 Qc7 22.Nf5 a5 23.Bd3 a4
24.Qxb4 axb3 25.Qxb5+ Kf8 26.cxb3  1-0

[Event "TCh-SRB 1st League"]
[Site "Subotica SRB"]
[Date "2008.09.06"]
[Round "6"]
[White "Aleksic,Nen1"]
[Black "Leskur,D"]
[Result "1-0"]
[WhiteElo "2371"]
[BlackElo "2444"]

1.e4 c5 2.Nf3 d6 3.d4 cxd4 4.Nxd4 Nf6 5.Nc3 Nc6 6.Bg5 Qb6 7.Nb3 e6 8.Bxf6 gxf6
9.Be2 Be7 10.Qd3 Bd7 11.f4 h5 12.O-O-O O-O-O 13.Qh3 Na5 14.f5 Nxb3+ 15.axb3 Qa5
16.Kb1 Kb8 17.Rhf1 Qe5 18.Bxh5 Rh7 19.g4 Rc8 20.Qd3 b5 21.Rfe1 Bf8 22.h3 Rc7
23.Ne2 Be7 24.Nd4 Rg7 25.b4 Rc4 26.c3 Rc7 27.Re2 Bf8 28.Rdd2 d5 29.exd5 Qxd5
30.Bxf7 Rxf7 31.fxe6 Bxe6 32.Rxe6 Bh6 33.Nc6+  1-0

[Event "FSGM September"]
[Site "Budapest HUN"]
[Date "2008.09.07"]
[Round "2"]
[White "Kislik,E"]
[Black "Wittmann,W"]
[Result "0-1"]
[WhiteElo "2302"]
[BlackElo "2272"]

1.e4 c5 2.Nf3 d6 3.d4 cxd4 4.Nxd4 Nf6 5.Nc3 Nc6 6.Bg5 e6 7.Qd2 a6 8.O-O-O Bd7
9.f4 h6 10.Bh4 Nxe4 11.Qe1 Nf6 12.Nf5 Qa5 13.Nxd6+ Bxd6 14.Rxd6 Qc7 15.Qd2 Ne7
16.Bxf6 gxf6 17.Ne4 O-O-O 18.Nxf6 Bc6 19.Rd3 Ng6 20.Nh5 Kb8 21.Kb1 Nh4 22.Qf2 Qe7
23.Rg1 Be4 24.Ng3 Bxd3 25.Bxd3 Qd6 26.Ne2 Nf5 27.g4 Ne7 28.a3 Nd5 29.h4 Qb6
30.Qxb6 Nxb6 31.h5 Nd5 32.Kc1 Kc7 33.Kd2 Kd6 34.c4 Nf6 35.Nc3 Ke7 36.Ke3 Rhg8
37.Be2 Nxh5 38.Bf3 b6 39.Ne4 f5 40.g5 Nxf4 41.Kxf4 fxe4 42.Bxe4 Rxg5 43.Rxg5 hxg5+
44.Kxg5 Rd4 45.Bb7 a5 46.b4 axb4 47.axb4 Rxc4 48.b5 Rc5+  0-1

[Event "DMP Ekstraliga"]
[Site "Karpacz POL"]
[Date "2008.09.07"]
[Round "2"]
[White "Dworakowska,J"]
[Black "Przezdziecka,M"]
[Result "1-0"]
[WhiteElo "2340"]
[BlackElo "2281"]

1.e4 c5 2.Nf3 d6 3.d4 cxd4 4.Nxd4 Nf6 5.Nc3 Nc6 6.Bg5 e6 7.Qd2 a6 8.O-O-O Bd7
9.f3 Be7 10.h4 h6 11.Be3 h5 12.Qf2 Ne5 13.Qg3 g6 14.Bg5 Rc8 15.Kb1 b5 16.f4 Neg4
17.e5 Rxc3 18.Qxc3 Nd5 19.Qg3 Bxg5 20.hxg5 dxe5 21.Qxg4 exd4 22.Rxd4 Qc7
23.Qf3 Qc5 24.Qd3 a5 25.Be2 Bc6 26.Qd2 Qb6 27.Rh3 b4 28.Kc1 Ke7 29.g4 Rc8
30.gxh5 Ba4 31.Bd1 gxh5 32.f5 Qc5 33.fxe6 fxe6 34.Rxh5 Kd6 35.g6 Be8 36.Rg5 Kc7
37.g7 Bf7 38.Be2 Kb7 39.Rc4  1-0

[Event "I Liga Seniorow"]
[Site "Ustron POL"]
[Date "2008.09.07"]
[Round "2"]
[White "Chlost,M"]
[Black "Kucypera,M"]
[Result "1-0"]
[WhiteElo "2131"]
[BlackElo "2081"]

1.e4 c5 2.Nf3 d6 3.d4 cxd4 4.Nxd4 Nf6 5.Nc3 Nc6 6.Bg5 Qb6 7.Nb3 e6 8.Qd2 a6
9.O-O-O Be7 10.Kb1 O-O 11.f3 Rd8 12.Be3 Qc7 13.Qf2 Nd7 14.f4 b5 15.g4 Na5
16.Nxa5 Qxa5 17.g5 b4 18.Ne2 Nc5 19.Ng3 Na4 20.Bc4 d5 21.exd5 Bb7 22.dxe6 Bxh1
23.exf7+ Kf8 24.Rxh1 Qc7 25.Bb3 Nc5 26.Bxc5 Bxc5 27.Qf3 Qd7 28.f5 a5 29.Qh5 Ra6
30.f6 Rd6 31.Rc1 Be3 32.Qxh7 gxf6 33.g6 Qg4 34.Nf5 Ra8  1-0

[Event "SuperLiga-ROM"]
[Site "Eforie Nord ROM"]
[Date "2008.09.08"]
[Round "8"]
[White "Grigore,N"]
[Black "Raceanu,V"]
[Result "0-1"]
[WhiteElo "2365"]
[BlackElo "2426"]

1.e4 c5 2.Nf3 Nc6 3.d4 cxd4 4.Nxd4 Nf6 5.Nc3 d6 6.Bg5 e6 7.Qd2 a6 8.O-O-O Bd7
9.f4 Be7 10.Nf3 b5 11.Bxf6 gxf6 12.f5 Qb6 13.Kb1 O-O-O 14.Ne2 Kb8 15.Nf4 Bc8
16.c4 bxc4 17.fxe6 fxe6 18.Bxc4 d5 19.exd5 e5 20.Qe2 Na5 21.Ne6 Bxe6 22.dxe6 Rxd1+
23.Rxd1 Nxc4 24.Qxc4 Rc8 25.Qe4 Qxe6 26.Qxh7 f5 27.Qg7 Bd6 28.Qg3 f4 29.Qe1 Qg6+
30.Ka1 e4 31.Nh4 Qe6 32.g3 e3 33.gxf4 e2 34.Rb1 Qe4 35.f5 Kb7 36.a3 Be5 37.Ng6 Bf6
38.Qd2 Rd8 39.Qe1 Qxb1+  0-1

[Event "DMP Ekstraliga"]
[Site "Karpacz POL"]
[Date "2008.09.09"]
[Round "4"]
[White "Tokarski,L"]
[Black "Heberla,B"]
[Result "1/2-1/2"]
[WhiteElo "2238"]
[BlackElo "2510"]

1.e4 c5 2.Nf3 Nc6 3.d4 cxd4 4.Nxd4 Nf6 5.Nc3 d6 6.Bg5 e6 7.Qd2 a6 8.O-O-O Bd7
9.f4 h6 10.Bh4 Nxe4 11.Qe1 Nf6 12.Nf5 Qa5 13.Nxd6+ Bxd6 14.Rxd6 O-O-O 15.Qe3 Ne7
16.Rxa6 bxa6 17.Qa7 Rde8 18.Bxa6+ Kd8 19.Qb8+ Nc8 20.Bxc8 Qc7 21.Qxc7+ Kxc7
22.Bxd7 Kxd7 23.Rd1+ Kc6 24.Rd4 Nd5 25.Rc4+ Kd7 26.Bf2 g5 27.Rd4 Kc6 28.Rc4+ Kd7
29.Rd4 Kc6 30.Ne2 Rd8 31.a4 Rb8 32.c3 Nxf4 33.Nxf4 gxf4 34.Rxf4 e5 35.Rxf7 Rhf8
36.Rxf8 Rxf8 37.Be3 Rf1+ 38.Kc2 Re1 39.Kd3 Ra1 40.b3 Ra2 41.Bxh6 Rxg2 42.b4 Rxh2
43.Be3 Ra2 44.a5 Kb5 45.Bc5 Ra3 46.Bd6 e4+ 47.Kd4 e3 48.Bg3 e2 49.Kd3 Ra2
50.Be1 Ra1 51.Kxe2 Kc4 52.Kd2 Ra2+ 53.Ke3 Rc2 54.Bd2 Rb2 55.Ke2 Ra2 56.Ke3 Rb2
57.Be1  1/2-1/2